| 000 | 00682nam a2200229Ia 4500 | ||
|---|---|---|---|
| 003 | GCL | ||
| 008 | 140319s9999 xx 000 0 ara d | ||
| 040 |
_aGCL / _cGCL |
||
| 082 | 0 | 4 |
_a320.9 _bح م |
| 100 | 1 | _aحازم الببلاوى | |
| 245 | 1 | 0 |
_aمحنة الاقتصاد والاقتصاديين / _cحازم الببلاوى |
| 260 |
_a[S.N] : _bدار الشروق ، _c1989 |
||
| 300 | _a285 ص | ||
| 490 | _a | ||
| 650 | 0 | 4 | _aالعصر الحديث |
| 650 | 0 | 4 | _aمصر |
| 650 | 0 | 4 | _aتاريخ |
| 650 | 0 | 4 | _aالاحوال الاجتماعية |
| 650 | 0 | 4 | _aالاحوال السياسية |
| 650 | 0 | 4 | _aالاحوال الاقتصادية |
| 942 |
_2ddc _cBK |
||
| 999 |
_c30603 _d30603 |
||